000
00356nam a2200157Ia 4500
008
230524s9999 xx 000 0 und d
082
_a
537
_b
LAU
100
_a
B.B.Laud
245
0
_a
Electromagnetics
250
_a
1ST
260
_a
NEW DELHI
_b
New Age
_c
2006
300
_a
XIII;331
500
_a
Quantity Number: 2
650
_a
Physics
942
_c
BK
999
_c
37305
_d
37305